Central Library OPAC University of Rajshahi

Pygmalion : (Record no. 21037)

MARC details
000 -LEADER
fixed length control field 00802cam a2200265u 4500
001 - CONTROL NUMBER
control field 21037
003 - CONTROL NUMBER IDENTIFIER
rucl marc code BD-RjUL
005 - DATE AND TIME OF LATEST TRANSACTION
control field 20211209000636.0
008 - FIXED-LENGTH DATA ELEMENTS--GENERAL INFORMATION
fixed length control field 140303r19621957nyua 000 0 eng
035 ## - SYSTEM CONTROL NUMBER
System control number (BD-RjUL)21100
040 ## - CATALOGING SOURCE
Original cataloging agency DLC
Transcribing agency CarP
Modifying agency DLC
-- BD-RjUL
Language of cataloging eng
041 ## - LANGUAGE CODE
Language code of text/sound track or separate title eng
082 00 - DEWEY DECIMAL CLASSIFICATION NUMBER
Classification number 822
Author mark and year SHP 1962
100 1# - MAIN ENTRY--PERSONAL NAME
Personal name Shaw, Bernard,
Dates associated with a name 1856-1950.
9 (RLIN) 65009
245 10 - TITLE STATEMENT
Title Pygmalion :
Remainder of title A romance in five acts /
Statement of responsibility, etc. Bernard Shaw.
260 ## - PUBLICATION, DISTRIBUTION, ETC. (IMPRINT)
Place of publication, distribution, etc. London :
Name of publisher, distributor, etc. Longmans,
Date of publication, distribution, etc. 1957 [ impression 1962].
300 ## - PHYSICAL DESCRIPTION
Pagination 150 p. ;
Size 18 cm.
650 #0 - SUBJECT ADDED ENTRY--TOPICAL TERM
Topical term or geographic name as entry element Speech and social status
Form subdivision Drama.
9 (RLIN) 65010
Topical term or geographic name as entry element Linguistics teachers
Form subdivision Drama.
9 (RLIN) 65011
Topical term or geographic name as entry element Flower vending
Form subdivision Drama.
9 (RLIN) 65012
651 #0 - SUBJECT ADDED ENTRY--GEOGRAPHIC NAME
Geographic name London (England)
Form subdivision Drama.
9 (RLIN) 54794
942 ## - ADDED ENTRY ELEMENTS (KOHA)
Source of classification or shelving scheme Dewey Decimal Classification
Koha item type Books
Holdings
Lost status Source of classification or shelving scheme Damaged status Not for loan Collection code Permanent Location Current Location Shelving location Date acquired Source of acquisition Full call number Date last seen Copy number Koha item type Cost, normal purchase price Total Checkouts
  Dewey Decimal Classification   Not For Loan Fiction Central Library, University of Rajshahi Central Library, University of Rajshahi Reading Room 14/11/1992 Asia foundation 822 SHP 1962 03/03/2014 C-1 Books    
  Dewey Decimal Classification     Fiction Central Library, University of Rajshahi Central Library, University of Rajshahi General Stacks 02/07/1968 Swet & Zeitlinger 822 SHP 1966 27/03/2022 C-2 Books 62.00